000 00707nam a2200181Ia 4500
008 090630s9999 xx 000 0 und d
082 _b28078
100 _aसंपा. मंजुळ वा. ल.
245 _aकृष्णदयार्णवामृत.
_cसंपा. मंजुळ वा. ल.
260 _bहेमचंद्र कोपर्डेकर.
_c2000
300 _a221
600 _aसंपा. मंजुळ वा. ल.
630 _aकृष्णदयार्णवामृत.
655 _aधार्मिक.
700 _aसंपा. मंजुळ वा. ल.
730 _aकृष्णदयार्णवामृत.
942 _cBOOK
999 _c279934
_d279934